Szczegóły MARC21

Romantyzm /

003 -Nazwa inst., której nr kontr. jest w polu 001 [,]
    • @
    • Nazwa instytucji, której n kontrolny jest w polu 001
    • NUKAT
005 -DATA I CZAS OSTATNIEJ MODYFIKACJI [,]
    • @
    • pole kontrolne
    • 20241231094853.0
040 -Instytucja sporządzająca opis [ , ]
    • a
    • Instytucja, która sporządziła opis (NP)
    • TOR U/GS
    • c
    • Instytucja, która sporządziła rekord (NP)
    • TOR U/GS
    • d
    • Instytucja, która zmodyfikowała rekord (P)
    • TOR U/AP
    • d
    • Instytucja, która zmodyfikowała rekord (P)
    • LUBL M/JKs
    • d
    • Instytucja, która zmodyfikowała rekord (P)
    • KR U/47DB
942 -Rodzaj dokumentu [ , ]
    • c
    • Rodzaj dokumentu
    • Książka
100 -Hasło główne - nazwa osobowa [1, ]
    • a
    • Nazwa osobowa (NP)
    • Straszewska, Maria
    • d
    • Daty biograficzne (NP)
    • (1919-2021).
    • 9
    • KHW
    • 59616
245 -Strefa tytułu i oznaczenia odpowiedzialności [1,0]
    • a
    • Tytuł
    • Romantyzm / Find
    • c
    • Pozostałe elementy strefy tytułu i oznaczenia odpowiedzialności (NP)
    • Maria Straszewska.
250 -Strefa wydania [ , ]
    • a
    • Oznaczenie wydania (NP)
    • Wyd. 3 zm.
260 -Strefa adresu wydawniczego [ , ]
    • a
    • Miejsce wydania (P)
    • Warszawa :
    • b
    • Nazwa wydawcy (P)
    • Wydawnictwa Szkolne i Pedagogiczne,
    • c
    • Data wydania (P)
    • 1977.
300 -Strefa opisu fizycznego [ , ]
    • a
    • Określenie formy książki i/lub objętość (NP)
    • 462, [2] s. :
    • b
    • Oznaczenie ilustracji (NP)
    • il. ;
    • c
    • Format (NP)
    • 22 cm.
336 -Typ zawartości [ , ]
    • a
    • Termin opisujący typ zawartości
    • Tekst
    • b
    • Kod określający zawartość
    • txt
    • 2
    • Źródło (terminu i kodu)
    • rdacontent
337 -Typ mediów [ , ]
    • a
    • Tryb odtwarzania
    • Bez urządzenia pośredniczącego
    • b
    • Kod typu mediów
    • n
    • 2
    • Źródło (terminu i kodu)
    • rdamedia
338 -Typ/rodzaj nośnika [ , ]
    • a
    • Hasło opisujące typ nośnika
    • Wolumin
    • b
    • Kod typu nośnika
    • nc
    • 2
    • Źródło (terminu i kodu)
    • rdacarrier
490 -Strefa serii i książki wielotomowej - forma nie do wyszukiwania [1, ]
    • a
    • Tytuł (P)
    • Biblioteka "Polonistyki" Find
830 -Hasło dodatkowe serii i opisu książki wielotomowej - tytuł ujednolicony/tytuł [ ,0]
    • a
    • Tytuł ujednolicony/tytuł (NP)
    • Biblioteka "Polonistyki"
    • 9
    • KHW
    • 19032
504 -Uwaga dot. bibliogr. załącznikowej [ , ]
    • a
    • Uwaga dot. bibliografii załącznikowej
    • Bibliogr. s. 444-448. Indeks.
080 -Uniwersalna Klasyfikacja Dziesiętna [ , ]
    • a
    • Symbol klasyfikacji
    • 884(091)"18"Romantyzm
080 -Uniwersalna Klasyfikacja Dziesiętna [ , ]
    • a
    • Symbol klasyfikacji
    • :82(091)"18"Romantyzm
650 -Hasło przedmiotowe [ ,7]
    • a
    • Hasło przedmiotowe
    • Romantyzm.
    • 2
    • Źródło terminu
    • kaba
    • 9
    • KHW
    • 128074
650 -Hasło przedmiotowe [ ,7]
    • a
    • Hasło przedmiotowe
    • Romantyzm
    • z
    • Określnik geograficzny
    • Polska.
    • 2
    • Źródło terminu
    • kaba
    • 9
    • KHW
    • 362505
980 -Symbol UKD [ , ]
    • a
    • UKD
    • 884(091)"18":82(091)"18"]Romantyzm
710 -Hasło dodatkowe - nazwa ciała zbiorowego [2, ]
    • a
    • Nazwa ciała zbiorowego lub nazwa geograficzna jako pierwszy element (NP)
    • Wydawnictwa Szkolne i Pedagogiczne.
    • 4
    • Kod relacji
    • pbl
    • 9
    • KHW
    • 52547
Data inwentaryzacji Lokalizacja Numer inwentarzowy Sygnatura Status udost.
1997-01-01BGZ.30134Z.301341
1997-01-01BGW.68708 -5
1997-01-01BGW.68057 -5
1997-01-01BGW.68055 -5
1997-01-01BGW.68064 2
1997-01-01BGW.68053 -5
1997-01-01BGW.68051 -5
1997-01-01BGW.68054 -5
1997-01-01BGW.68056 -5
1997-01-01BGW.68058 -5
1997-01-01BGW.68059 -5
1997-01-01BGW.68060 -5
1997-01-01BGW.68061 -5
1997-01-01BGW.68063 -5
1997-01-01BGW.68065 -5
1997-01-01BGW.68066 -5
1997-01-01BGW.68067 -5
1997-01-01BGW.68068 -5
1997-01-01BGW.68069 -5
1997-01-01BGW.68709 -5
1997-01-01BGW.68710 -5
1997-01-01BGW.68711 -5
2005-10-20BGZ.105314Z.301341
1997-01-01BGW.68047 -6
1997-01-01BGW.68048 -6
1997-01-01BGW.68049 -6
1997-01-01BGW.68050 -6
1997-01-01BGW.68052 -6
1997-01-01BGW.68062 -6
1997-01-01BGW.68070 -6
1997-01-01BGW.68712 -3
1997-01-01BMP.1161 1
1997-01-04BNSF.5939 2